| Tag |
First Indicator |
Second Indicator |
Subfields |
| LEADER |
00000cam a2200000 4500 |
| 001 |
in00000063890 |
| 005 |
20151008050701.0 |
| 008 |
720204s1951 txu b 00000 eng u |
| 010 |
|
|
|a 52000025
|
| 035 |
|
|
|a (OCoLC)00234240
|
| 035 |
|
|
|9 AAG2611AM
|
| 040 |
|
|
|c WSU
|d TXA
|d UtOrBLW
|
| 049 |
|
|
|a TXAM
|c [213945]
|
| 050 |
|
0 |
|a HD9560.5
|b .L28
|
| 092 |
|
|
|a 338.2728
|b L487m
|
| 100 |
1 |
|
|a Leeston, Alfred M.
|q (Alfred Max),
|d 1897-
|
| 245 |
1 |
0 |
|a Magic oil, servant of the world /
|c by Alfred M. Leeston.
|
| 250 |
|
|
|a [1st ed.].
|
| 264 |
|
1 |
|a Dallas :
|b Juan Pablos Books,
|c 1951.
|
| 300 |
|
|
|a 237 pages
|
| 336 |
|
|
|a text
|b txt
|2 rdacontent
|
| 337 |
|
|
|a unmediated
|b n
|2 rdamedia
|
| 338 |
|
|
|a volume
|b nc
|2 rdacarrier
|
| 504 |
|
|
|a Bibliographical footnotes. Bibliography: pages 218-225.
|
| 650 |
|
0 |
|a Petroleum industry and trade.
|
| 999 |
|
|
|a MARS
|
| 999 |
f |
f |
|s 81dc8207-b845-3242-a3ff-1d1767d9f816
|i 48e10c85-9a48-3ed4-b76f-32e2560c9361
|t 0
|
| 952 |
f |
f |
|p ric
|a Texas A&M University
|b Rellis Campus
|c Joint Library Facility
|d Remote Storage
|t 0
|e HD9560.5 .L28
|h Library of Congress classification
|i unmediated -- volume
|m A14800763079
|
| 952 |
f |
f |
|p noncirc
|a Texas A&M University
|b College Station
|c Cushing Memorial Library & Archives
|d Cushing: Kelsey Americana (Does not check out)
|t 0
|e HD9560.5 .L28 1951
|h Library of Congress classification
|i unmediated -- volume
|
| 998 |
f |
f |
|a HD9560.5 .L28
|t 0
|l Remote Storage
|
| 998 |
f |
f |
|a HD9560.5 .L28 1951
|t 0
|l Cushing: Kelsey Americana (Does not check out)
|